| 000 | 00792am a2200289a 44500 | ||
|---|---|---|---|
| 005 | 20160823121717.0 | ||
| 008 | 150302b xxu||||| |||| 00| 0 ES d | ||
| 041 | _aspa | ||
| 082 | _a657 M828co3 | ||
| 100 |
_aMorales, María Elena _915521 |
||
| 245 | _aContabilidad de Sociedades | ||
| 260 | _aMéxico | ||
| 260 | _bMcGraw-Hill | ||
| 260 | _c2013 | ||
| 300 | _a272 páginas | ||
| 650 |
_aCONTABILIDAD _92655 |
||
| 650 |
_aSOCIEDADES MERCANTILES _9996 |
||
| 650 |
_aCAPITAL SOCIAL _96161 |
||
| 650 |
_aRESERVAS Y FONDOS _915522 |
||
| 650 |
_aSOCIEDAD ANONIMA _9998 |
||
| 650 |
_aSOCIEDAD DE RESPONSABILIDAD LIMITADA _915523 |
||
| 650 |
_aACCIONES _91002 |
||
| 650 |
_aSOCIEDAD COOPERATIVA _915524 |
||
| 650 |
_aASOCIACIONES _915525 |
||
| 650 |
_aUTILIDADES _96283 |
||
| 942 | _cBK | ||
| 999 |
_c3723 _d3723 |
||